| 000 | 00896nas a2200301 i 4500 | ||
|---|---|---|---|
| 001 | 2015 | ||
| 003 | ES-MaACL | ||
| 005 | 20250828062528.0 | ||
| 007 | t| | ||
| 008 | 950801c1943 ag | | 1 ||pa d | ||
| 022 | _a0327-2389 | ||
| 080 | _a82 | ||
| 245 | 0 | 0 | _aRevista de la Universidad de Buenos Aires. |
| 260 |
_aBuenos Aires : _b[Imp. de la Universidad], _c1943- |
||
| 300 |
_a16 v. ; _c28 cm. |
||
| 310 | _aTrimestral | ||
| 362 | 0 | _aAño I (1943)- | |
| 500 | _aNo se publicó de 1954 a 1955. | ||
| 650 | 7 |
_aEducación _2embne _912073 |
|
| 700 | 1 |
_aRavignani, Emilio, _edir. _995593 |
|
| 700 | 1 |
_aIvanissevich, Oscar, _edir. _9194339 |
|
| 700 | 1 |
_aBeltrán, Juan Ramón, _edir. _9194340 |
|
| 700 | 1 |
_aBenítez, Hernán, _edir. _927604 |
|
| 710 | 2 |
_aUniversidad de Buenos Aires. _97155 |
|
| 852 |
_aES-MaACL _jHem-884 |
||
| 866 | 0 | _o1945-46,1948-53.1956-63. | |
| 999 |
_c2015 _d2015 |
||